| 000 | 00451nam a2200181Ia 4500 | ||
|---|---|---|---|
| 005 | 20240823014111.0 | ||
| 008 | 240823s9999||||xx |||||||||||||| ||und|| | ||
| 041 | _aENGLISH | ||
| 082 | _A553 M3 | ||
| 100 | _aKrishnamoorthy K K | ||
| 245 | 0 | _a"Examination of Minerals ,Ores and their Feasibility Studies" | |
| 250 | _a1st | ||
| 260 |
_c1983 _b"Kannathasan,Ch" |
||
| 500 | _aYES | ||
| 650 |
_aEarth _bMechanical |
||
| 942 | _cBK | ||
| 999 |
_c169119 _d169119 |
||